00460nam a22001457a 4500003000400000008004100004020001800045082001700063245007200080260003500152300001600187650006800203700002200271700002100293OSt260513b |||||||| |||| 00| 0 eng d a9780367477554 a597.01bC97P aThe Physiology of Fishes/bedited by Suzanne Currie, David H. Evans aBoca Raton:bCRC Press;c2021. axiv, 241 p. aPure Sciences | Zoological Sciences | Fishes | Fish Physiology  aCurrie, Suzanne  aEvans, David H.